000 00710nam a22002177a 4500
999 _c8936
_d8936
003 AR-CdUCM
008 190327b ||||| |||| 00| 0 spa d
040 _aMUNICIPALIDAD PROVINCIAL DEL CUSCO
_cBIBLIOTECA MUNICIPAL DEL CUSCO
082 _a860.8 /
_bM19
100 _aLarra, Mariano José de
_915464
245 _aArtículos de costumbres /
260 _aBogota :
_bOveja Negra,
_c1984.
300 _a181 páginas ;
_c17 cm.
440 _aHistoria universal de la literatura
_n98
_924811
505 _aContenido : Selección de artículos de Mariano de José Larra.
650 _aArtículos
_919045
650 _aLiteratura
_9416
650 _aSelección
_924812
942 _2ddc
_cLIBROS
945 _admma